O elefante cor-de-rosa (Registo nº 17899)

Detalhes MARC
000 -Etiqueta do registo
Valores 00966nam a22002651i 4500
010 ## - Número ISBN
ISBN 9789724141848
021 ## - Número do Depósito Legal
-- PT
Número 408751/16
090 ## -
-- 17899
100 ## - Dados gerais de processamento
Dados gerais 20170304u u u0frey50 ba
101 0# - Língua de publicação
-- por
102 ## - País de publicação
-- PT
200 1# - Titulo e menção de responsabilidade
Primeira menção de responsabilidade Luísa Dacosta
Título próprio O elefante cor-de-rosa
210 ## - Publicação
Nome do editor ASA II
Local de publicação Alfragide
Data de publicação 2005
215 ## - Descrição física 
Paginação / Volumes [58] p.
Outras indicações físicas il.
Dimensões 21 cm
225 2# - Colecção 
Título próprio da colecção Obras completas de Luísa Dacosta, para a infância
300 ## - Notas gerais 
Texto da nota Luísa Dacosta é pseudónimo de Maria Luísa Saraiva Pinto dos Santos. - O exemplar nÇ 29399 é uma 8A edição de 2013. - Ler+ Plano Nacional de Leitura. - Obra recomendada pelas metas curriculares de português para o 2Ç ano de escolaridade
305 ## - Nota relativa à edição da publicação
Texto da nota O exemplar nº 31245 é uma 13ª. edição.
606 ## - Nome comum usado como assunto
ID Autoridade 187
Palavra de ordem Histórias para crianças
675 ## - CDU
Notação 8:087.5
700 ## - Autor principal (pessoa individual)
Apelido Dacosta
Nome Luísa
-- 070
ID Autoridade 2416
701 ## - Co-autor principal (pessoa individual)
Apelido Alves
Nome Armando
-- 440
ID Autoridade 2607
801 ## - Fonte de origem
País PT
Regras de catalogação RPC
990 ## - Elementos KOHA
Tipo de documento Livro
994 ## - Estado da catalogação
-- COMP
Exemplares
Situação do levantamento Estado Biblioteca de origem Biblioteca de empréstimo Código de barras Cota Permissão de empréstimo Tipo de documento Nota relativa ao exemplar Forma de aquisição
  Completo Biblioteca Municipal de Viana Do Alentejo Biblioteca Municipal de Viana Do Alentejo 0031245 8 DAC Disponível Livro 6-10 anos  
  Completo Biblioteca Municipal de Viana Do Alentejo Biblioteca Municipal de Viana Do Alentejo Pólo Aguiar 0029399 8 DAC Disponível Livro 6-10 anos  
  Completo Biblioteca Municipal de Viana Do Alentejo Pólo Alcáçovas Biblioteca Municipal de Viana Do Alentejo Pólo Alcáçovas 0023357 8 DAC Disponível Livro 6-10 anos  
  Completo Biblioteca da Escola Básica de Aguiar Biblioteca da Escola Básica de Aguiar 830 BA 087.5 DAC Disponível Livro    




Powered by Koha